AYURVED CHIKITSA SUTRA (Record no. 7918)
[ view plain ]
| 000 -LEADER | |
|---|---|
| fixed length control field | 00306nam a2200121Ia 4500 |
| 082 ## - DEWEY DECIMAL CLASSIFICATION NUMBER | |
| Classification number | 610 |
| Item number | A 09 S |
| 100 ## - MAIN ENTRY--PERSONAL NAME | |
| Personal name | SHARMA, JAGDEESH PRASAD |
| 245 ## - TITLE STATEMENT | |
| Title | AYURVED CHIKITSA SUTRA |
| 260 ## - PUBLICATION, DISTRIBUTION, ETC. (IMPRINT) | |
| Name of publisher, distributor, etc | CHAUKHAMBHA PUB. NEW DELHI |
| Year of Publication | 2009 |
| 300 ## - PAGE DESCRIPTION | |
| No. of Pages | 373 |
| 942 ## - ADDED ENTRY ELEMENTS (KOHA) | |
| Source of classification or shelving scheme | Dewey Decimal Classification |
| Koha item type | Books |
| Withdrawn status | Lost status | Source of classification or shelving scheme | Damaged status | Not for loan | Collection code | Home library | Current library | Date acquired | Vendor Name | Cost, normal purchase price | SGTU | Bill Number | Total Checkouts | Full call number | Accession No. (Barcode) | Date last seen | Date last borrowed | Bill Date | Koha item type |
|---|---|---|---|---|---|---|---|---|---|---|---|---|---|---|---|---|---|---|---|
| Dewey Decimal Classification | AYURVEDA | SGT FA-FP Library | SGT FA-FP Library | 14/09/2015 | CHAUKHAMBHA PUB. NEW DELHI | 225.00 | SGTU | CP/B/788 | 2 | 610 A 09 S | FA2021 | 06/11/2019 | 31/10/2019 | 28/01/2015 | Books | ||||
| Dewey Decimal Classification | AYURVEDA | SGT FA-FP Library | SGT FA-FP Library | 14/09/2015 | CHAUKHAMBHA PUB. NEW DELHI | 225.00 | SGTU | CP/B/788 | 610 A 09 S | FA2022 | 14/09/2015 | 28/01/2015 | Books | ||||||
| Dewey Decimal Classification | AYURVEDA | SGT FA-FP Library | SGT FA-FP Library | 14/09/2015 | CHAUKHAMBHA PUB. NEW DELHI | 225.00 | SGTU | CP/B/788 | 610 A 09 S | FA2023 | 14/09/2015 | 28/01/2015 | Books | ||||||
| Dewey Decimal Classification | AYURVEDA | SGT FA-FP Library | SGT FA-FP Library | 14/09/2015 | CHAUKHAMBHA PUB. NEW DELHI | 225.00 | SGTU | CP/B/788 | 3 | 610 A 09 S | FA2024 | 31/08/2021 | 26/08/2021 | 28/01/2015 | Books | ||||
| Dewey Decimal Classification | AYURVEDA | SGT FA-FP Library | SGT FA-FP Library | 14/09/2015 | CHAUKHAMBHA PUB. NEW DELHI | 225.00 | SGTU | CP/B/788 | 610 A 09 S | FA2025 | 14/09/2015 | 28/01/2015 | Books |